| 000 | 00989nam a2200253 a 4500 | ||
|---|---|---|---|
| 001 | 66756 | ||
| 003 | BD-RjUL | ||
| 005 | 20211209081556.0 | ||
| 008 | 170320s1958 maua b 001 0 eng c | ||
| 035 | _a(BD-RjUL)66887 | ||
| 040 |
_aCGU _cCGU _dOCLCQ _dMYG _dBD-RjUL _beng |
||
| 041 | _aeng | ||
| 082 |
_223 _a530 _bNEI 1958 |
||
| 100 | 1 |
_aNewton, Isaac, _d1642-1727. _9197623 |
|
| 245 | 1 | 0 |
_aIsaac Newton's papers & letters on natural philosophy and related documents / _cedited, with a general introd., by I. Bernard Cohen, assisted by Robert E. Schofield ; with explanatory prefaces by Marie Boas ... [et al.]. |
| 260 |
_aCambridge, Mass. : _bHarvard University Press, _cc1958. |
||
| 300 |
_axiii, 501 p. : _bill. ; _c25 cm. |
||
| 504 | _aIncludes bibliographical references and index. | ||
| 650 | 0 |
_aPhysics. _9197624 |
|
| 700 | 1 |
_aCohen, I. Bernard, _d1914-2003. _9197625 |
|
| 700 | 1 |
_aSchofield, Robert E. _9197626 |
|
| 700 | 1 |
_aHall, Marie Boas, _d1919-2009. _9197627 |
|
| 942 |
_2ddc _cBK |
||
| 999 |
_c66756 _d66756 |
||